header

The semantic web (Record no. 49752)

MARC details
000 -LEADER
fixed length control field 01208nam a2200313Ia 4500
245 04 - TITLE STATEMENT
Title The semantic web
260 ## - PUBLICATION, DISTRIBUTION, ETC. (IMPRINT)
Place of publication Bradford, England :
Name of publisher Emerald Group Publishing,
Year of publication c2005.
300 ## - PHYSICAL DESCRIPTION
Number of Pages 131 p.
490 0# - SERIES STATEMENT
Series statement Library management ;
650 #0 - SUBJECT ADDED ENTRY--TOPICAL TERM
Topical Term Library science.
Topical Term World Wide Web.
700 1# - ADDED ENTRY--PERSONAL NAME
Personal name Davies, John.
Personal name Kashyap, Vipul.
Personal name Miltiadis, Lytas.
Personal name Sicilia, Miguel-Angel.
856 40 - ELECTRONIC LOCATION AND ACCESS
Uniform Resource Identifier http://site.ebrary.com/lib/rucke/Doc?id=10085638

No items available.

© 2026 Rongo University
Contact us: librarian | system librarian | Rongo university